000 00722nam a2200265 i 4500
001 C2-0272833
003 PPAK
005 20180728002319.0
008 060809s2006 my a|||| ||||| | may d
020 _a9833277365
040 _aPPAK
_beng
_cPPAK
_erda
082 0 4 _a899.233
_223
090 0 0 _a899.233
_bALI
_dK
100 0 _aAli Awang,
_eauthor
245 1 0 _aHarapan yang cerah
264 1 _aKuala Lumpur :
_bPustaka Segar ,
_c2006
300 _a124 pages :
_billustrations ;
_c19 cm
336 _2rdacontent
_atext
337 _2rdamedia
_aunmediated
338 _2rdacarrier
_avolume
490 1 _aSiri novel merpati putih
650 1 0 _aMalay fiction.
830 0 _aSiri novel merpati putih
942 _ddc
_cB
999 _c80781
_d80781